|
|
|
|
| LEADER |
00000naa2a2200000 4500 |
| 001 |
630741 |
| 005 |
20231102024501.0 |
| 035 |
|
|
|a (RuTPU)RU\TPU\conf\32043
|
| 035 |
|
|
|a RU\TPU\conf\32042
|
| 090 |
|
|
|a 630741
|
| 100 |
|
|
|a 20191224d2019 k y0rusy50 ca
|
| 101 |
0 |
|
|a rus
|d eng
|
| 102 |
|
|
|a RU
|
| 105 |
|
|
|a y z 101zy
|
| 135 |
|
|
|a drcn ---uucaa
|
| 181 |
|
0 |
|a i
|
| 182 |
|
0 |
|a b
|
| 200 |
1 |
|
|a Система управления приводами суставов экзоскелета
|d Exoskeleton joint drive control system
|f А. В. Веретехин
|
| 203 |
|
|
|a Текст
|c электронный
|
| 225 |
1 |
|
|a Системный анализ и обработка информации в медицине
|
| 230 |
|
|
|a 1 компьютерный файл (pdf; 757 Kb)
|
| 300 |
|
|
|a Заглавие с титульного экрана
|
| 320 |
|
|
|a [Библиогр.: с. 456-457 (8 назв.)]
|
| 330 |
|
|
|a Modern medical practice clearly shows the acute need for exoskeletal systems that enhance the physical capabilities of people with impaired musculoskeletal system. The increased attention to this kind of man-machine systems is explained by their high potential in expanding the functional capabilities of man. In this paper, we consider the task of constructing a system that controls the joints of an exoskeleton of the lower extremities. To implement the movement of the joints, it was decided to use servos. It is proposed to use bioelectric signals taken from human muscles using electromyography as control signals. Primary processing of the control signal is performed in the MATLAB software package. Signal transmission to the drives is implemented using the Arduino microcontroller.
|
| 463 |
|
1 |
|0 (RuTPU)RU\TPU\conf\31887
|t Информационные технологии в науке, управлении, социальной сфере и медицине
|o сборник научных трудов VI Международной конференции, 14-19 октября 2019 г., Томск
|f Национальный исследовательский Томский политехнический университет (ТПУ) ; ред. кол. О. Г. Берестнева [и др.]
|v [451-457]
|d 2019
|
| 510 |
1 |
|
|a Exoskeleton joint drive control system
|z eng
|
| 610 |
1 |
|
|a электронные ресурсы
|
| 610 |
1 |
|
|a труды учёных ТПУ
|
| 610 |
1 |
|
|a exoskeleton of the lower extremities
|
| 610 |
1 |
|
|a exoskeleton drive control system
|
| 610 |
1 |
|
|a Simulink
|
| 610 |
1 |
|
|a filtration
|
| 610 |
1 |
|
|a electromyography
|
| 610 |
1 |
|
|a экзоскелеты
|
| 610 |
1 |
|
|a фильтрация
|
| 610 |
1 |
|
|a электромиография
|
| 610 |
1 |
|
|a приводы
|
| 610 |
1 |
|
|a суставы
|
| 700 |
|
1 |
|a Веретехин
|b А. В.
|
| 712 |
0 |
2 |
|a Национальный исследовательский Томский политехнический университет
|c (2009- )
|2 stltpush
|3 (RuTPU)RU\TPU\col\15902
|9 26305
|
| 801 |
|
2 |
|a RU
|b 63413507
|c 20200121
|g RCR
|
| 856 |
4 |
|
|u http://earchive.tpu.ru/handle/11683/57419
|
| 942 |
|
|
|c BK
|